| 000 | 00000nam##2200000za#4500 |
| 001 | 9.602778 |
| 003 | CaOODSP |
| 005 | 20210624210737 |
| 007 | cr ||||||||||| |
| 008 | 150406|2000||||xxc|||||o f|0| 0 fre|d |
| 022 | |a1701-5421 |
| 040 | |aCaOODSP|bfre |
| 043 | |an-cn--- |
| 086 | 1 |aFA1-2000/2-14F-PDF |
| 110 | 1 |aCanada. |bBureau du vérificateur général. |
| 245 | 10|aRapport du vérificateur général du Canada. Chapitre 14, : |h[ressource électronique]|bAgence canadienne de développement international : la gestion des marchés et des accords de contribution |
| 260 | |bBureau du vérificateur général du Canada |
| 300 | |a40p.|bgraphiques, tableaux, photographies |
| 490 | 1 |aRapport de la vérificatrice générale du Canada à la Chambre des communes|x1701-5421|vOctobre 2000 |
| 590 | |a11-30-Supp|b2011-12-02 |
| 775 | 08|tReport of the Auditor General of Canada. Chapter 14, : |w(CaOODSP)9.572422 |
| 776 | 0#|tVolume 2, octobre 2000 |w(CaOODSP)9.625474 |
| 830 | #0|aRapport de la vérificatrice générale du Canada à la Chambre des communes,|x1701-5421|vOctobre 2000|w(CaOODSP)9.502618 |
| 856 | 40|ahttp://publications.gc.ca|qPDF|s767 Ko|uhttps://publications.gc.ca/collections/Collection/FA1-2000-2-14F.pdf|yOctobre 2000 |